Stadtteile Trier - Statistiken

Allgemein
  • Dieses Quiz wurde 103 mal gespielt
  • Das Durchschnittsergebnis liegt bei 13 aus 19
Antwortstatistiken
Ortsbezirk % Korrekt
Tarforst
93%
Ehrang/Quint
87%
Nord
87%
West/Pallien
87%
Süd
83%
Olewig
75%
Euren
73%
Feyen/Weismark
73%
Irsch
72%
Kürenz
72%
Zewen
70%
Mitte/Gartenfeld
67%
Heiligkreuz
65%
Mariahof
63%
Ruwer/Eitelsbach
62%
Biewer
58%
Filsch
55%
Pfalzel
55%
Kernscheid
52%
Keine übereinstimmenden Quizze gefunden
Verteilung der Resultate
Anzahl Personen mit jedem Resultat
Perzentil nach korrekt beantworteten Fragen
Ihre Resultats-Entwicklung
Sie haben dieses Quiz noch nicht gespielt